Cyclisme Féminin : Top 20 du CLM des Championnats du monde 2025 - Statistiques

Statistiques générales
  • Ce quiz a été pris 10 fois
  • Le résultat moyen est 7 sur 20
Statistiques - réponses
Position Pays Représenté Coureur % Correct
3eme Pays-Bas Demi Vollering
100%
7eme France Juliette Labous
100%
1er Suisse Marlen Reusser
100%
2eme Pays-Bas Anna Van Der Breggen
60%
13eme France Cedrine Kerbaol
60%
9eme USA Chloe Dygert
50%
16eme Slovénie Urksa Zigart
50%
4eme Australie Brodie Chapman
40%
8eme Royaume-Uni Anna Henderson
30%
14eme Pologne Katarsyna Niewiadoma
30%
6eme Allemagne Antonia Niedermaier
20%
5eme Norvege Katrine Aalerud
10%
12eme Norvege Sigrid Ytterhus Haugset
10%
18eme Chine Zhang Hao
10%
17eme Autriche Anna Kiesenhofer
0%
10eme Espagne Mireia Benito
0%
11eme Italie Monica Trinca Colonel
0%
20eme Canada Olivia Baril
0%
19eme USA Ruth Edwards
0%
15eme Ukraine Yuliia Biriukova
0%
Aucun quiz correspondant
Distribution des résultats
% des personnes avec chaque résultat
Percentile par nombre de réponses
Votre historique - résultats
Vous n’avez pas pris ce quiz